Nutrition for sport

Bibliographic Details
Main Author: Paish, Wilf
Format: Book
Published: Wilshire : The Crowood Press , 1990
Subjects:

MARC

LEADER 00000cam a2200000 7i4500
001 0000004143
002 000004457
005 20000330.0
020 |a 185223380X 
090 0 0 |a 613.7   |b PAI 
100 1 |a Paish, Wilf 
245 1 0 |a Nutrition for sport   |c Wilf Paish 
260 |a Wilshire :   |b The Crowood Press ,   |c 1990 
300 |a 128p. :   |b ill. ;   |c 23cm. 
650 0 0 |a Athletes   |x Nutrition 
650 0 0 |a Physical fitness   |x Nutritional aspects 
999 |a 033443   |b BUKU   |c PINJAMAN   |e PERPUSTAKAAN KOMUNITI PETALING JAYA